Turmeric Cultivation in Andhra Pradesh: A Report by the Committee Appointed by Swadeshi Jagaran Manch (Record no. 224313)
[ view plain ]
| 000 -LEADER | |
|---|---|
| fixed length control field | 00630nam a22001937a 4500 |
| 005 - DATE AND TIME OF LATEST TRANSACTION | |
| control field | 20220801095418.0 |
| 008 - FIXED-LENGTH DATA ELEMENTS--GENERAL INFORMATION | |
| fixed length control field | 220801b ||||| |||| 00| 0 eng d |
| 040 ## - CATALOGING SOURCE | |
| Transcribing agency | AL |
| 041 ## - LANGUAGE CODE | |
| Language code of text/sound track or separate title | English |
| 082 ## - DEWEY DECIMAL CLASSIFICATION NUMBER | |
| Edition number | 23 |
| Classification number | 630.715 |
| Item number | SWAT |
| 100 ## - MAIN ENTRY--PERSONAL NAME | |
| Personal name | Swadeshi Jagaran Manch |
| 100 ## - MAIN ENTRY--PERSONAL NAME | |
| 9 (RLIN) | 54109 |
| 245 ## - TITLE STATEMENT | |
| Title | Turmeric Cultivation in Andhra Pradesh: A Report by the Committee Appointed by Swadeshi Jagaran Manch |
| 260 ## - PUBLICATION, DISTRIBUTION, ETC. | |
| Place of publication, distribution, etc. | Andhra Pradesh |
| Name of publisher, distributor, etc. | Swadeshi Jagaran Manch |
| Date of publication, distribution, etc. | 2007 |
| 300 ## - PHYSICAL DESCRIPTION | |
| Extent | 26 p. |
| Other physical details | PB |
| Dimensions | 22x14 cm. |
| 650 ## - SUBJECT ADDED ENTRY--TOPICAL TERM | |
| Topical term or geographic name entry element | Turmeric Cultivation |
| 9 (RLIN) | 54110 |
| 650 ## - SUBJECT ADDED ENTRY--TOPICAL TERM | |
| Topical term or geographic name entry element | Andhra Pradesh |
| 9 (RLIN) | 54111 |
| 700 ## - ADDED ENTRY--PERSONAL NAME | |
| Personal name | SWADESHI JAGARAN MANCH |
| 9 (RLIN) | 54112 |
| 942 ## - ADDED ENTRY ELEMENTS (KOHA) | |
| Source of classification or shelving scheme | Dewey Decimal Classification |
| Koha item type | George Fernandes Collections |
| Withdrawn status | Lost status | Source of classification or shelving scheme | Damaged status | Not for loan | Collection code | Home library | Current library | Date acquired | Total Checkouts | Full call number | Barcode | Date last seen | Price effective from | Koha item type |
|---|---|---|---|---|---|---|---|---|---|---|---|---|---|---|
| Dewey Decimal Classification | Others | St Aloysius Library | St Aloysius Library | 03/23/2013 | 630.715 SWAT | GF03608 | 08/01/2022 | 08/01/2022 | George Fernandes Collections |